Générique Franklin - Paroles - Statistiques

Statistiques générales
  • Ce quiz a été pris 532 fois
  • Le résultat moyen est 10 sur 13
Statistiques - réponses
Paroles % Correct
Hé c'est {Franklin}
100%
Il est là pour {jouer} avec toi
96%
Le voici avec ses {amis}
92%
Comme toi et {moi}
87%
Hé c'est {Franklin}
87%
Hé c'est {Franklin}
86%
Hé c'est {Franklin}
85%
Il entre chez {toi}
80%
Il entre chez {moi}
77%
Pour {toi}
62%
Regarde le {grandir}
60%
Ils ont tout leur {temps}
51%
Ils ont des {histoires}
35%
Aucun quiz correspondant
Distribution des résultats
% des personnes avec chaque résultat
Percentile par nombre de réponses
Votre historique - résultats
Vous n’avez pas pris ce quiz